Filozofia i religia w kulturze narodów słowiańskich

Bibliographic Details
Other Authors: Chrobak, Tadeusz (Compiler), Stachowski, Zbigniew (Compiler)
Format: Book
Language:Polish
PhysicalDescription:309 s. tab. 24 cm
Published: Rzeszów Wydawnictwo Wyższej Szkoły Pedagogicznej 1995
ISBN:8386246960
Subjects:

MARC

LEADER 00000cam a2200000 a 4500
001 vtls001218668
003 SK-MaSNL
005 20260426004223.0
008 240226s1995 PL aa fr 100 0 pol
015 |a ZS1996/0000151 
020 |a 8386246960  |c 9,00 Pzł. 
035 |a SNK000162416 
035 |a urn:nbn:sk:snk-amkf6q 
035 |a urn:nbn:sk:snk-am003olj 
035 |a D2F51132-4EFC-46A3-8FF7-5D6807EC88FF 
040 |a SNK  |b slo  |c SNK  |e AACR2 
041 0 |a pol 
043 |a et 
044 |a PL 
080 |a 930.85(=81)(091)(082)=84  |2 1981 
080 |a 1:21(=81)(091)(082)=84  |2 1981 
245 0 0 |a Filozofia i religia w kulturze narodów słowiańskich  |c pod redakcja Tadeusza Chrobaka, Zbigniewa Stachowskiego 
260 |a Rzeszów  |b Wydawnictwo Wyższej Szkoły Pedagogicznej  |c 1995 
300 |a 309 s.  |b tab.  |c 24 cm 
504 |a Obsahuje bibliogr. odkazy 
650 0 7 |a Slovania  |2 SNKPH  |9 18587 
650 0 7 |a kultúra  |2 SNKPH  |9 886 
650 0 7 |a náboženstvo  |2 SNKPH  |9 2023 
650 0 7 |a filozofia  |2 SNKPH  |9 793 
651 7 |a Európa stredná  |2 SNKPHgeo  |9 23970 
655 7 |a zborníky konferencií  |2 SNKPH  |9 70153 
700 1 |a Chrobak, Tadeusz  |4 com  |9 629473 
700 1 |a Stachowski, Zbigniew  |4 com  |9 629474 
919 |a 83-86246-96-0 
958 |a OND 
958 |a ZS 
958 |a TL 
958 |a PL 
958 |a SS 
958 |a ZB 
999 |c 968697  |d 970627 
952 |t P60, <03>, [BOOK], {603}  |a SNK  |b SNK  |y PREZ  |7 0  |p 17A0008169  |o snkSC 91034  |i snkV 1271/96  |0 0  |1 0  |4 0  |d 1996-07-30  |f 1  |l 0  |r 2025-09-09 00:00:00  |w 2026-02-24